Honduras: proyecciones de población
Proyecciones de la población de honduras (1970-1985), contiene proyecciones sobre: población total por sexo y grupos de edad, población urbana y rural por sexo y grupos de edad, población por unidades administrativas, población económicamente activa./ACM
Bewaard in:
| Coauteur: | |
|---|---|
| Formaat: | Texto |
| Gepubliceerd in: |
Tegucigalpa:
CONSUPLAN
|
| Onderwerpen: | |
| Tags: |
Voeg label toe
Geen labels, Wees de eerste die dit record labelt!
|
MARC
| LEADER | 00000 a a2200000 04500 | ||
|---|---|---|---|
| 001 | 19887 | ||
| 003 | |||
| 040 | |||
| 090 | |a 080700 | ||
| 110 | |a Honduras. Consejo Superior de Planificación Económica. Departamento de Estadística | ||
| 245 | |a Honduras: proyecciones de población | ||
| 260 | |a Tegucigalpa: |b CONSUPLAN | ||
| 300 | |a 33 p. | ||
| 500 | |a Incluye Anexo Estadístico | ||
| 520 | |a Proyecciones de la población de honduras (1970-1985), contiene proyecciones sobre: población total por sexo y grupos de edad, población urbana y rural por sexo y grupos de edad, población por unidades administrativas, población económicamente activa./ACM | ||
| 650 | |a HONDURAS | ||
| 650 | |a POBLACION | ||
| 650 | |a CUADROS ESTADISTICOS | ||
| 999 | |c 10416 |d 10416 | ||
